Poesía y canto primitivo

Saved in:
Bibliographic Details
Main Author: Bowra, C. M (Author)
Format: Book
Language:Spanish
Published: Barcelona Antoni Bosch 1984
Series:Colección Ensayo, 13
Subjects:
Tags: Add Tag
No Tags, Be the first to tag this record!

MARC

LEADER 00000nam a2200000 a 4500
001 UCX5925
003 CL-VaPUC
008 930310e19840000SP |||||||||||||||||spa|d
082 0 4 |a 809.1  |b BOW  |2 21 
100 |a Bowra, C. M  |e author  |9 561274 
245 1 0 |a Poesía y canto primitivo 
300 |a 308 p 
942 |c BK 
945 |d 19930310 00:00:00 
260 |a Barcelona  |b Antoni Bosch  |c 1984 
650 7 |a POESIA - HISTORIA Y CRITICA  |2 CL-VaPUC  |9 265066 
583 |a last modification  |c 19930310 00:00:00  |k Rodrigo Vera 
490 0 |a Colección Ensayo, 13 
999 |c 226044  |d 226042 
952 |0 0  |1 0  |4 0  |6 809_100000000000000_BOW_1984  |7 0  |8 A  |9 224087  |a BIBEDU  |b BIBEDU  |d 2019-11-15  |i 2929260  |o 809.1 BOW 1984  |p 2929260  |r 2019-11-15  |w 2019-11-15  |y BK  |k LIT